| 000 | 00975nam a2200313 a 4500 | ||
|---|---|---|---|
| 001 | 000033737 | ||
| 003 | DO-SdBNP | ||
| 005 | 20180125102245.0 | ||
| 007 | 000033737 | ||
| 008 | 110907s2011 pe 000 0 spa d | ||
| 020 | _a9786124103056 | ||
| 040 |
_aBPMSU _bspa _cBPMSU |
||
| 092 | _a873.1 | ||
| 100 | 1 |
_aVirgilio _d70-19 a. de J. C. |
|
| 245 | 1 | 3 |
_aLa eneida / _cPublio Virgilio Marón. ;ilustración Gerson Jara Morales |
| 260 |
_aLima, Perú : _bEditorial Educativa, _c2011 |
||
| 300 |
_a209 p. ; _c17 cm. |
||
| 490 | 1 | _aPlan lector | |
| 650 | _2POESÍA ÉPICA LATINA | ||
| 700 | 1 |
_aMorales, Gerson Jara _eil. |
|
| 830 | 0 | _aPlan lector | |
| 930 | 1 |
_lBND01 _mLF1 _820110907 _f01 _pCT _g29609 |
|
| 930 | 1 |
_lBND01 _mLF1 _820130724 _f01 _pCT _g29609 _he.2 |
|
| 942 |
_2ddc _cBK |
||
| 945 | _ainventariado, 2018 / dg | ||
| 956 |
_aGREYES _b10 _c20110907 _lBND01 _h1517 |
||
| 956 |
_aMGARCIA _b10 _c20130724 _lBND01 _h1349 |
||
| 956 |
_aVMATEO _b10 _c20150918 _lBPMSU _h00151 |
||
| 999 |
_c8271 _d8271 |
||